|
|
|
|
| LEADER |
00000nam0a2200000 4500 |
| 001 |
318333 |
| 005 |
20231102003050.0 |
| 035 |
|
|
|a (RuTPU)RU\TPU\book\343831
|
| 090 |
|
|
|a 318333
|
| 100 |
|
|
|a 20160425d1936 m y0rusy50 ca
|
| 101 |
0 |
|
|a rus
|
| 102 |
|
|
|a RU
|
| 105 |
|
|
|a y z 001zy
|
| 200 |
1 |
|
|a Инструкция для гидрогеологических наблюдений и документации в шахтах Подмосковного бассейна в связи с работами по осушению
|f А. С. Сергеев, Д. Д. Беляев
|g Всесоюзный научно-исследовательский институт минерального сырья
|
| 210 |
|
|
|a Москва
|a Ленинград
|c Главная редакция геолого-разведочной и геодезической лит-ры
|d 1936
|
| 215 |
|
|
|a 31 с.
|c ил.
|
| 606 |
1 |
|
|a Угольные шахты
|x Осушение
|2 stltpush
|3 (RuTPU)RU\TPU\subj\62874
|9 79929
|
| 610 |
1 |
|
|a гидрогеологические наблюдения
|
| 610 |
1 |
|
|a Подмосковный бассейн
|
| 610 |
1 |
|
|a документы
|
| 610 |
1 |
|
|a инструкции
|
| 610 |
1 |
|
|a шахтные выработки
|
| 610 |
1 |
|
|a водоотлив
|
| 610 |
1 |
|
|a шахтные воды
|
| 610 |
1 |
|
|a прорывы
|
| 675 |
|
|
|a 622.58
|v 4
|
| 700 |
|
1 |
|a Сергеев
|b А. С.
|
| 701 |
|
1 |
|a Беляев
|b Д. Д.
|
| 712 |
0 |
2 |
|a Всесоюзный научно-исследовательский институт минерального сырья
|c (Москва)
|c (1934-1991)
|2 stltpush
|3 (RuTPU)RU\TPU\col\18352
|9 27006
|
| 801 |
|
1 |
|a RU
|b 63413507
|c 20160425
|
| 801 |
|
2 |
|a RU
|b 63413507
|c 20191211
|g RCR
|
| 942 |
|
|
|c BK
|